| 000 | 01304cam a22003255a 4500 | ||
|---|---|---|---|
| 001 | 14544553 | ||
| 005 | 20150624100419.0 | ||
| 008 | 060908t2007 flua frbf 001 0 eng d | ||
| 020 | _a9780750308601 (hardcover : alk. paper) | ||
| 020 | _a0750308605 (hardcover : alk. paper) | ||
| 040 |
_aDNLM/DLC _beng _cDLC _dNLM _dBAKER _dBTCTA _dYDXCP _dC#P _dC#P _dEG-ScBUE |
||
| 082 | 0 | 4 |
_a610.153 _bHAN _222 |
| 245 | 0 | 0 |
_aHandbook of radiotherapy physics : _btheory and practice / _cedited by P. Mayles, A. Nahum, J. C. Rosenwald. |
| 260 |
_aBoca Raton : _bTaylor & Francis, _cc.2007. |
||
| 300 |
_a1432 p. : _bill. (some col.) ; _c27 cm. |
||
| 500 | _aIndex : p. 1397-1432. | ||
| 504 | _aIncludes bibliographical references. | ||
| 650 | 0 |
_aMedical physics _vHandbooks, manuals, etc. _2BUEsh |
|
| 650 | 0 |
_aCancer _xRadiotherapy _vHandbooks, manuals, etc. _2BUEsh |
|
| 650 | 1 | 2 |
_aRadiotherapy _xmethods. _vHandbooks, manuals, etc. _2BUEsh |
| 650 | 2 | 2 |
_aRadiation Dosage. _vHandbooks, manuals, etc. _2BUEsh |
| 650 | 2 | 2 |
_aRadiation Effects. _vHandbooks, manuals, etc. _2BUEsh |
| 651 | _2BUEsh | ||
| 653 |
_bENGGEN _cJune2015 |
||
| 655 |
_vreading book _934232 |
||
| 700 | 1 |
_aMayles, Philip, _d1947-, _eeditor. |
|
| 700 | 1 |
_aNahum, Alan E., _eeditor. |
|
| 700 | 1 |
_aRosenwald, Jean-Claude, _d1945-, _eeditor. |
|
| 942 | _2ddc | ||
| 999 |
_c19592 _d19564 |
||